000 00859nab a2200253 u 4500
001 13971
003 HDC
007 cr bn ---aaaaa
008 210214c xx dr|noo 0 a may d
040 _aHDC
100 _aAsma Hanim Mahmood,
_eauthor
_914649
245 0 _aUsahawan Melayu perlu sertai DPMM negeri /
_cby Asma Hanim Mahmood
260 _a[No place] :
_b[publisher not identified],
_c[no date]
336 _atext
_2rdacontent
337 _acomputer
_2rdamedia
338 _aonline resource
_2rdacarrier
650 _aEconomics
_9730
650 _aEntrepreneur
_zMalaysia
_97620
710 _aUtusan Online
856 _zRequest full-text at [email protected]
942 _2lcc
942 _cNEWS
942 _kNWSO 001843
999 _c11287
_d11287